00174nam a2200073Ia 4500008004100000100001700041245002400058260001800082170817s9999 xx 000 0 und d aMahmud.Jafar 0aAbnormal Psychology bA. P. H. PUB.